Indovina il cantante - Italiani Anni 2000-2005 - Statistics

Statistiche generali
  • Questo quiz è stato fatto 319 volte
  • Il punteggio medio è 10 su 25
Statistiche sulle risposte
Canzone Cantante % Corretto
Fuori dal tunnel Caparezza
81%
Gocce di Memoria Giorgia
71%
Dedicato a te Le Vibrazioni
65%
Un'emozione per sempre Eros Ramazzotti
63%
Salirò Daniele Silvestri
56%
La rondine Mango
56%
Stupido Hotel Vasco Rossi
54%
Rotolando verso sud Negrita
53%
La danza delle streghe Gabry Ponte
47%
Domani smetto Articolo 31
46%
Tre parole Valeria Rossi
44%
Una poesia anche per te Elisa
42%
Festival Paola e Chiara
41%
Perverso Tiziano Ferro
39%
La descrizione di un attimo Tiromancino
36%
Per averti Adriano Celentano
29%
www.mipiacitu Gazosa
26%
Almeno credo Ligabue
25%
Prima di andare via Neffa
25%
Per dire di no Alexia
21%
Nuova ossessione Subsonica
20%
Es-senza Negramaro
18%
Non capiva che l'amavo Paolo Meneguzzi
17%
Sempre e per sempre Francesco de Gregori
14%
Isola grande Pino Daniele
14%
Nessun quiz corrispondente trovato
Distribuzione punteggi
Percentuale di utenti per punteggio
Percentile per numero di risposta
I tuoi punteggi nel tempo
Non hai fatto questo quiz